| 000 | 00430nam a22001457a 4500 | ||
|---|---|---|---|
| 020 | _a9788131512241 | ||
| 082 | _a004.21 HUA | ||
| 100 | _aHuang, Han-Way. | ||
| 245 | _aEmbedded system design using C8051 | ||
| 260 |
_aNew Delhi, India _bCengage Learning _c2009 |
||
| 300 |
_a668 p. _bill. ; |
||
| 500 | _aIncludes index. | ||
| 650 | _a1. Embedded computer systems. 2. Programmable controllers. 3. Microcontrollers. | ||
| 942 | _cBK | ||
| 999 |
_c12382 _d12382 |
||